AUTISM AND DEVELOPMENTAL DISABILITIES (Record no. 17609)

MARC details
000 -LEADER
fixed length control field 00272nam a22001217a 4500
003 - CONTROL NUMBER IDENTIFIER
control field SGT
082 ## - DEWEY DECIMAL CLASSIFICATION NUMBER
Classification number 370
Item number SHA
100 ## - MAIN ENTRY--PERSONAL NAME
Personal name SHARMA, REKHA
245 ## - TITLE STATEMENT
Title AUTISM AND DEVELOPMENTAL DISABILITIES
260 ## - PUBLICATION, DISTRIBUTION, ETC. (IMPRINT)
Place of publication, distribution, etc DELHI
Name of publisher, distributor, etc SONALI PUB.
Year of Publication 2016
300 ## - PAGE DESCRIPTION
No. of Pages 272
942 ## - ADDED ENTRY ELEMENTS (KOHA)
Source of classification or shelving scheme Dewey Decimal Classification
Koha item type Books
942 ## - ADDED ENTRY ELEMENTS (KOHA)
-- 2
Holdings
Withdrawn status Lost status Source of classification or shelving scheme Damaged status Not for loan Collection code Home library Current library Date acquired SGTU Total Checkouts Full call number Accession No. (Barcode) Date last seen Date last borrowed Bill Date Koha item type
    Dewey Decimal Classification     EDUCATION SGT Engineering Library SGT Engineering Library 16/04/2019 SGTU 1 370 SHA ED3751 28/03/2022 19/03/2022 16/04/2019 Books
    Dewey Decimal Classification     EDUCATION SGT Engineering Library SGT Engineering Library 16/04/2019 SGTU 1 370 SHA ED3752 09/12/2022 08/12/2022 16/04/2019 Books
    Dewey Decimal Classification     EDUCATION SGT Engineering Library SGT Engineering Library 16/04/2019 SGTU   370 SHA ED3753 16/04/2019   16/04/2019 Books